000 01321nam a2200313 a 4500
001 37468
003 BD-RjUL
005 20211209052619.0
008 150120s1994 aca b f100 0 eng d
020 _a1863201017
035 _a1864753
040 _aABN:1
_beng
_cABN:1
_dNSL:R
_dANL
041 _aeng
082 0 4 _a634.66
_220
_bPOS 1994
245 0 0 _aPostharvest handling of tropical fruits :
_bproceedings of an international conference held at Chiang Mai, Thailand, 19-23 July 1993 /
_ceditors: B.R. Champ, E. Highley, and G.I. Johnson.
260 _aCanberra :
_bAustralian Centre for International Agricultural Research,
_c[1994]
300 _a500 p. ;
_c24 cm.
500 _aSponsors: Department of Agriculture, Thailand ... [et al]
504 _aIncludes bibliographies.
540 _bAustralian Centre for International Agrucultural Research, GPO Box 1571, Canberra, ACT 2601.
650 0 _aTropical fruit
_xPostharvest technology
_xCongresses.
_9115071
700 1 _aChamp, B. R.
_q(Bruce R.)
_9115042
700 1 _aHighley, E.
_9115043
700 1 _aJohnson, G. I.
_q(Gregory Ian),
_d1952-
_9115072
710 1 _aThailand.
_bKrom Wichakan Kaset.
_9115073
710 2 _aAustralian Centre for International Agricultural Research.
_9114930
942 _2ddc
_cBK
999 _c37468
_d37468